Analyzing food waste through a sample of a restaurant

Bibliográfiai részletek
Szerző: Rácz Koni
További közreműködők: Karakasné Morvay Klára
Dokumentumtípus: Diplomadolgozat
Kulcsszavak:Food waste
Environmental protection
Water waste
Restaurant
Sustainability
Catering
Online Access:http://dolgozattar.uni-bge.hu/18315

MARC

LEADER 00000nta a2200000 i 4500
001 dolg18315
005 20190909121329.0
008 181127suuuu hu om 000 eng d
040 |a BGE Dolgozattár Repozitórium  |b hun 
041 |a en 
100 1 |a Rácz Koni 
245 1 0 |a Analyzing food waste through a sample of a restaurant  |c Rácz Koni  |h [elektronikus dokumentum] 
246 1 1 |a Az élelmiszerpazarlás elemzése egy étterem példáján keresztül 
246 1 1 |a Analyzing food waste through a sample of a restaurant 
695 |a Food waste 
695 |a Environmental protection 
695 |a Water waste 
695 |a Restaurant 
695 |a Sustainability 
695 |a Catering 
700 1 |a Karakasné Morvay Klára  |e ths 
856 4 0 |u http://dolgozattar.uni-bge.hu/18315/1/vegleges%20dolgozat.pdf  |z Dokumentum-elérés